| 000 | 007510000a22002170004500 | ||
|---|---|---|---|
| 003 | LK-CoMWRAF | ||
| 005 | 20231030112857.0 | ||
| 008 | 230817t2000 ||||| |||| 00| 0 eng d | ||
| 020 | _a9559102265 | ||
| 040 |
_aLK-CoMWRAF _dLK-CoMWRAF _eLK-CoMWRAF |
||
| 041 | _aeng | ||
| 082 |
_a305.55 _bJAY |
||
| 100 | _aJayawardena, Kumari | ||
| 245 |
_aNobodies to Somebodies: _bthe rise of the colonial bourgeoisie in Sri Lanka |
||
| 260 |
_aColombo: _b Social Scientists' Association, _c2000 |
||
| 300 |
_axx, 390 p. : ill., map ; 23 cm. _bBibliography and index included |
||
| 650 | _aMIDDLE CLASS-Sri Lanka -- Social conditions -- History | ||
| 650 | _aCapitalism -Sri Lanka -- History | ||
| 650 | _aGreat Britain -- Colonies -- Sri Lanka | ||
| 942 | _cBK | ||
| 999 |
_c154 _d154 |
||